Statystyki dla Z jakiego kraju pochodzi ten gracz CS:GO?

Kliknij tutaj aby rozwiązać quiz!

Ogólne statystyki

  • Ten quiz został rozwiązany 229 razy
  • Średni wynik to 10 z 13

Statystyki odpowiedzi

gracznarodowość% Poprawnych
TacoBrazylia
89%
TwistzzKanada
83%
cadiaNDania
79%
EthanStany Zjednoczone
77%
WoxicTurcja
77%
AdrenKazachstan
75%
JKSAustralia
74%
RezSzwecja
73%
ChrisJHolandia
71%
BrokyŁotwa
67%
TizianNiemcy
67%
NexaSerbia
65%
SunnyFinlandia
62%

Rozkład punktacji

Percentyl według liczby udzielonych odpowiedzi

Procent ludzi z każdym wynikiem

Twoja historia wyników

Nie rozwiązałeś tego quizu